00630 2200229 4500001002100000005001500021035002000036007000300056008003900059020001900098082000800117084001400125100001000139245004600149250002300195260004300218300002900261650003900290650003200329650002000361990001900381INLIS00000000000338420221116090345 a0010-1122000071ta221116 | | |  a978979690997-1 a813 a813 HAM t0 aHamka1 aTenggelamnya Kapal Van Der Wijck /cHamka aCet. 1,-- (Revisi) aJakarta. :bPT. Balai Pustaka.,c2013. a264 hlm. ;c14,5 x 21 cm aDesain isi, Fara dan Gatot Santoso aDesain cover, Gatot Santoso aEditor. Mirza A a15487/P/B/2021